| 000 | 00897 a2200241 4500 | ||
|---|---|---|---|
| 001 | 46099 | ||
| 005 | 20260407155734.0 | ||
| 008 | 260407a2004 arg spa d | ||
| 003 | AR-UNSa-BCEJYS | ||
| 040 |
_aAR-UNSa-BCEJYS _bspa _cAR-UNSa-BCEJYS |
||
| 080 |
_a331.252 _xPensiones |
||
| 245 | 1 | 0 |
_aEl sistema de pensiones en Chile en el contexto Mundial y de América Latina _pevaluación y desafíos |
| 264 | 1 |
_aSantiago : _bOIT _c2004 |
|
| 300 |
_a174 p. _c23 cm. |
||
| 041 | _aspa | ||
| 942 | _cBK | ||
| 590 | _aniveau_biblio:m niveau_hierar:0 | ||
| 100 | 1 | _aOrganización Internacional del Trabajo (OIT) | |
| 700 | 1 | _aSeminario Internacional (1º : 2004 abr. 22-23 : Santiago, Chile) | |
| 700 | 1 | _aChile. Ministerio de Trabajo y Previsión Social | |
| 700 | 1 | _aFundación Chile 21 | |
| 856 | 4 | 1 |
_uhttps://www.biblioeco.unsa.edu.ar/pmb/images/libros/L127343.jpg _yImagen de portada _qimage/jpeg |
| 999 |
_c4164 _d4164 |
||